[Event "Poznan Chess Festival"]
[Site "chess24.com"]
[Date "2021.08.15"]
[Round "1"]
[White "Bebenek, Anna"]
[Black "Chojnacki, Krzysztof"]
[Result "0-1"]
[Board "1"]
[WhiteElo "1455"]
[WhiteCountry "POL"]
[WhiteFideId "1143417"]
[WhiteEloChange "-2"]
[BlackElo "2381"]
[BlackTitle "IM"]
[BlackCountry "POL"]
[BlackFideId "1114115"]
[BlackEloChange "2"]

1. e4 {[%clk 1:21:19]} d6 {[%clk 1:30:43]} 2. Nf3 {[%clk 1:21:35]} Nf6 {[%clk
1:29:36]} 3. Nc3 {[%clk 1:20:53]} g6 {[%clk 1:28:40]} 4. Bc4 {[%clk 1:18:46]} Bg7
{[%clk 1:28:17]} 5. d4 {[%clk 1:16:36]} O-O {[%clk 1:27:52]} 6. Be3 {[%clk
1:13:01]} c6 {[%clk 1:22:12]} 7. Bb3 {[%clk 1:09:51]} Bg4 {[%clk 1:13:19]} 8. h3
{[%clk 1:03:40]} Bxf3 {[%clk 1:13:24]} 9. Qxf3 {[%clk 1:03:54]} e6 {[%clk
1:10:53]} 10. g4 {[%clk 1:00:12]} d5 {[%clk 1:08:06]} 11. e5 {[%clk 0:50:04]}
Nfd7 {[%clk 1:07:25]} 12. Qg3 {[%clk 0:38:45]} c5 {[%clk 0:49:22]} 13. dxc5
{[%clk 0:17:37]} Nc6 {[%clk 0:44:36]} 14. O-O-O {[%clk 0:14:17]} d4 {[%clk
0:39:21]} 15. Rxd4 {[%clk 0:06:23]} Bxe5 {[%clk 0:36:43]} 16. f4 {[%clk 0:06:43]}
Bxd4 {[%clk 0:36:46]} 17. Bxd4 {[%clk 0:07:06]} Nxd4 {[%clk 0:37:07]} 18. Ba4
{[%clk 0:06:45]} Nxc5 {[%clk 0:36:41]} 19. Qe3 {[%clk 0:04:52]} Nxa4 {[%clk
0:34:50]} 20. Nxa4 {[%clk 0:05:03]} Nc6 {[%clk 0:35:05]} 21. Nc3 {[%clk 0:02:59]}
Qd4 {[%clk 0:34:27]} 22. Qf3 {[%clk 0:03:01]} Rfd8 {[%clk 0:34:22]} 23. Rd1
{[%clk 0:01:46]} Qc5 {[%clk 0:33:03]} 24. Re1 {[%clk 0:00:32]} Rac8 {[%clk
0:33:11]} 0-1

[Event "Poznan Chess Festival"]
[Site "chess24.com"]
[Date "2021.08.15"]
[Round "1"]
[White "Stempin, Pawel"]
[Black "Huchwajda, Grzegorz"]
[Result "1-0"]
[Board "2"]
[WhiteElo "2356"]
[WhiteTitle "IM"]
[WhiteCountry "POL"]
[WhiteFideId "1100068"]
[WhiteEloChange "2"]
[BlackElo "1440"]
[BlackCountry "POL"]
[BlackFideId "21806357"]
[BlackEloChange "-2"]

1. d4 {[%clk 1:30:47]} d5 {[%clk 1:30:57]} 2. c4 {[%clk 1:30:27]} dxc4 {[%clk
1:31:22]} 3. Nf3 {[%clk 1:30:49]} Nf6 {[%clk 1:31:40]} 4. Nc3 {[%clk 1:31:12]} a6
{[%clk 1:31:57]} 5. e4 {[%clk 1:30:28]} Bg4 {[%clk 1:32:10]} 6. Bxc4 {[%clk
1:29:33]} e6 {[%clk 1:31:51]} 7. Be3 {[%clk 1:29:17]} b5 {[%clk 1:29:38]} 8. Bd3
{[%clk 1:27:34]} Nbd7 {[%clk 1:29:00]} 9. a4 {[%clk 1:25:18]} b4 {[%clk 1:26:52]}
10. Ne2 {[%clk 1:24:10]} c5 {[%clk 1:24:50]} 11. Rc1 {[%clk 1:21:52]} Bxf3 {[%clk
1:19:35]} 12. gxf3 {[%clk 1:22:10]} cxd4 {[%clk 1:19:45]} 13. Nxd4 {[%clk
1:17:45]} Bc5 {[%clk 1:12:15]} 14. O-O {[%clk 1:03:59]} Bxd4 {[%clk 1:10:06]} 15.
Bxd4 {[%clk 1:04:14]} e5 {[%clk 1:10:21]} 16. Be3 {[%clk 1:04:13]} a5 {[%clk
1:09:01]} 17. Bb5 {[%clk 1:03:31]} O-O {[%clk 1:08:59]} 18. Qd6 {[%clk 1:02:22]}
Rc8 {[%clk 1:04:30]} 19. Rxc8 {[%clk 1:02:16]} Qxc8 {[%clk 1:04:50]} 20. Rc1
{[%clk 1:02:34]} Qb8 {[%clk 1:03:10]} 21. Rd1 {[%clk 0:59:20]} Qxd6 {[%clk
1:02:11]} 22. Rxd6 {[%clk 0:59:41]} Nb8 {[%clk 1:01:30]} 23. Bb6 {[%clk 0:59:08]}
Ne8 {[%clk 0:59:07]} 24. Rd8 {[%clk 0:58:24]} Nf6 {[%clk 0:59:11]} 25. Bxa5
{[%clk 0:58:03]} Rxd8 {[%clk 0:59:25]} 26. Bxd8 {[%clk 0:58:22]} Nfd7 {[%clk
0:59:03]} 27. Bc7 {[%clk 0:58:29]} f6 {[%clk 0:59:02]} 28. Bxb8 {[%clk 0:58:45]}
Nxb8 {[%clk 0:59:05]} 29. a5 {[%clk 0:59:07]} 1-0

[Event "Poznan Chess Festival"]
[Site "chess24.com"]
[Date "2021.08.15"]
[Round "1"]
[White "Maciejski, Pawel"]
[Black "Nowak, Mikolaj"]
[Result "0-1"]
[Board "3"]
[WhiteElo "1438"]
[WhiteCountry "POL"]
[WhiteFideId "21802890"]
[WhiteEloChange "-2"]
[BlackElo "2313"]
[BlackCountry "POL"]
[BlackFideId "1191365"]
[BlackEloChange "2"]

1. e4 {[%clk 1:30:56]} c6 {[%clk 1:30:53]} 2. d4 {[%clk 1:31:19]} d5 {[%clk
1:31:16]} 3. Nc3 {[%clk 1:31:13]} dxe4 {[%clk 1:31:38]} 4. f3 {[%clk 1:31:32]}
Nf6 {[%clk 1:27:35]} 5. fxe4 {[%clk 1:28:03]} e5 {[%clk 1:27:49]} 6. dxe5 {[%clk
1:27:01]} Qxd1+ {[%clk 1:27:49]} 7. Kxd1 {[%clk 1:27:22]} Ng4 {[%clk 1:27:44]} 8.
Ke1 {[%clk 1:26:45]} Nxe5 {[%clk 1:24:26]} 9. Nf3 {[%clk 1:26:36]} Bd6 {[%clk
1:22:49]} 10. Be3 {[%clk 1:23:38]} f6 {[%clk 1:14:39]} 11. Rd1 {[%clk 1:22:34]}
Ke7 {[%clk 1:12:24]} 12. h3 {[%clk 1:18:33]} g6 {[%clk 1:06:46]} 13. a3 {[%clk
1:11:12]} Be6 {[%clk 1:04:13]} 14. Nxe5 {[%clk 1:06:54]} Bxe5 {[%clk 1:03:42]}
15. Bd4 {[%clk 1:06:42]} Nd7 {[%clk 1:03:11]} 16. Kf2 {[%clk 0:59:02]} Rhd8
{[%clk 1:00:01]} 17. Be2 {[%clk 0:58:28]} h5 {[%clk 0:52:09]} 18. h4 {[%clk
0:57:18]} b5 {[%clk 0:50:53]} 19. Bf3 {[%clk 0:53:45]} Bxd4+ {[%clk 0:49:07]} 20.
Rxd4 {[%clk 0:53:59]} Ne5 {[%clk 0:49:28]} 21. Rhd1 {[%clk 0:53:58]} Rxd4 {[%clk
0:47:28]} 22. Rxd4 {[%clk 0:54:13]} Rh8 {[%clk 0:45:31]} 23. b3 {[%clk 0:52:15]}
g5 {[%clk 0:44:03]} 24. Ne2 {[%clk 0:50:02]} g4 {[%clk 0:43:41]} 25. Bxg4 {[%clk
0:48:21]} Bxg4 {[%clk 0:43:40]} 26. a4 {[%clk 0:46:59]} Bxe2 {[%clk 0:43:45]} 27.
Kxe2 {[%clk 0:47:16]} Rd8 {[%clk 0:44:00]} 28. c3 {[%clk 0:47:02]} Rxd4 {[%clk
0:43:36]} 29. cxd4 {[%clk 0:47:23]} bxa4 {[%clk 0:43:20]} 30. bxa4 {[%clk
0:47:27]} Nc4 {[%clk 0:43:32]} 31. Kf3 {[%clk 0:47:26]} a5 {[%clk 0:43:32]} 32.
g4 {[%clk 0:47:10]} Nb6 {[%clk 0:41:32]} 33. gxh5 {[%clk 0:47:19]} Nxa4 {[%clk
0:41:45]} 34. h6 {[%clk 0:46:30]} Kf7 {[%clk 0:42:07]} 35. h5 {[%clk 0:46:35]}
Nb6 {[%clk 0:41:38]} 36. e5 {[%clk 0:46:42]} fxe5 {[%clk 0:40:44]} 37. dxe5
{[%clk 0:46:51]} Nd7 {[%clk 0:38:50]} 38. Ke4 {[%clk 0:44:54]} Nf8 {[%clk
0:39:05]} 39. Kd4 {[%clk 0:42:20]} Ke6 {[%clk 0:38:27]} 40. Kc4 {[%clk 0:38:28]}
Kxe5 {[%clk 0:38:45]} 41. Kc5 {[%clk 0:38:46]} a4 {[%clk 0:38:30]} 42. Kb4 {[%clk
0:39:07]} Kd4 {[%clk 0:38:56]} 43. Kxa4 {[%clk 0:39:13]} c5 {[%clk 0:39:17]} 0-1

[Event "Poznan Chess Festival"]
[Site "chess24.com"]
[Date "2021.08.15"]
[Round "1"]
[White "Zakrzewski, Marek"]
[Black "Zarzycki, Piotr"]
[Result "1-0"]
[Board "4"]
[WhiteElo "2295"]
[WhiteTitle "FM"]
[WhiteCountry "POL"]
[WhiteFideId "1170694"]
[WhiteEloChange "2"]
[BlackElo "1410"]
[BlackCountry "POL"]
[BlackFideId "21843520"]
[BlackEloChange "-2"]

1. e4 {[%clk 1:30:56]} e5 {[%clk 1:30:40]} 2. Nf3 {[%clk 1:31:17]} d6 {[%clk
1:30:53]} 3. d4 {[%clk 1:31:29]} exd4 {[%clk 1:31:16]} 4. Nxd4 {[%clk 1:31:51]}
Be7 {[%clk 1:31:02]} 5. Nc3 {[%clk 1:31:45]} c6 {[%clk 1:31:19]} 6. Bf4 {[%clk
1:30:15]} Nf6 {[%clk 1:31:16]} 7. Be2 {[%clk 1:25:31]} O-O {[%clk 1:30:58]} 8.
O-O {[%clk 1:25:44]} Nbd7 {[%clk 1:29:59]} 9. Nf5 {[%clk 1:23:52]} Ne5 {[%clk
1:28:22]} 10. Nxe7+ {[%clk 1:23:37]} Qxe7 {[%clk 1:28:46]} 11. Qd4 {[%clk
1:23:41]} Bg4 {[%clk 1:21:37]} 12. f3 {[%clk 1:22:26]} Bh5 {[%clk 1:18:17]} 13.
Rad1 {[%clk 1:20:31]} Rfd8 {[%clk 1:18:19]} 14. Rd2 {[%clk 1:20:25]} Rd7 {[%clk
1:05:00]} 15. g4 {[%clk 1:13:59]} Bg6 {[%clk 1:02:53]} 16. g5 {[%clk 1:13:48]}
Nh5 {[%clk 1:00:39]} 17. Bxe5 {[%clk 1:11:53]} Qxg5+ {[%clk 0:59:37]} 18. Kh1
{[%clk 1:12:09]} f6 {[%clk 0:49:03]} 19. Bg3 {[%clk 1:07:52]} Nxg3+ {[%clk
0:48:47]} 20. hxg3 {[%clk 1:08:15]} Qxg3 {[%clk 0:49:09]} 21. Qg1 {[%clk
1:06:39]} Qf4 {[%clk 0:48:22]} 22. Rfd1 {[%clk 1:06:19]} Rad8 {[%clk 0:47:42]}
23. Qh2 {[%clk 1:06:12]} Qe3 {[%clk 0:46:11]} 24. Rxd6 {[%clk 1:04:43]} Rxd6
{[%clk 0:46:00]} 25. Rxd6 {[%clk 1:05:07]} Qc1+ {[%clk 0:41:27]} 26. Kg2 {[%clk
1:05:29]} Qg5+ {[%clk 0:40:24]} 27. Kf1 {[%clk 1:05:07]} Qc1+ {[%clk 0:35:43]}
28. Rd1 {[%clk 1:04:18]} Rxd1+ {[%clk 0:35:41]} 29. Nxd1 {[%clk 1:04:32]} Qxc2
{[%clk 0:32:18]} 30. Qb8+ {[%clk 1:03:51]} Kf7 {[%clk 0:32:42]} 31. Qxb7+ {[%clk
1:04:12]} Kf8 {[%clk 0:32:46]} 32. Qb8+ {[%clk 1:04:30]} Ke7 {[%clk 0:32:46]} 33.
Qxa7+ {[%clk 1:04:51]} Kf8 {[%clk 0:33:09]} 34. Qa3+ {[%clk 1:04:25]} Ke8 {[%clk
0:33:09]} 35. Qc3 {[%clk 1:04:46]} Qa4 {[%clk 0:33:10]} 36. Qc4 {[%clk 1:04:35]}
Qa8 {[%clk 0:32:54]} 37. Qg8+ {[%clk 1:04:58]} 1-0

[Event "Poznan Chess Festival"]
[Site "chess24.com"]
[Date "2021.08.15"]
[Round "1"]
[White "Grynia, Jakub"]
[Black "Niekras, Dawid"]
[Result "0-1"]
[Board "5"]
[WhiteElo "1399"]
[WhiteCountry "POL"]
[WhiteFideId "41802551"]
[WhiteEloChange "-2"]
[BlackElo "2289"]
[BlackTitle "FM"]
[BlackCountry "POL"]
[BlackFideId "1160451"]
[BlackEloChange "2"]

1. d4 {[%clk 1:30:58]} Nf6 {[%clk 1:30:52]} 2. c4 {[%clk 1:31:14]} g6 {[%clk
1:31:15]} 3. f3 {[%clk 1:31:40]} Bg7 {[%clk 1:31:36]} 4. e4 {[%clk 1:32:03]} d6
{[%clk 1:31:59]} 5. Nc3 {[%clk 1:32:27]} O-O {[%clk 1:32:17]} 6. Nge2 {[%clk
1:32:52]} c5 {[%clk 1:32:27]} 7. d5 {[%clk 1:33:15]} e6 {[%clk 1:32:27]} 8. Be3
{[%clk 1:32:01]} exd5 {[%clk 1:31:53]} 9. cxd5 {[%clk 1:32:15]} Nbd7 {[%clk
1:31:31]} 10. Qd2 {[%clk 1:31:21]} Ne5 {[%clk 1:29:44]} 11. Ng3 {[%clk 1:30:57]}
h5 {[%clk 1:29:29]} 12. Be2 {[%clk 1:28:20]} a6 {[%clk 1:24:10]} 13. a4 {[%clk
1:20:30]} h4 {[%clk 1:14:51]} 14. Nf1 {[%clk 1:19:27]} h3 {[%clk 1:14:31]} 15. g4
{[%clk 1:14:04]} Rb8 {[%clk 1:10:19]} 16. Ng3 {[%clk 1:06:33]} b5 {[%clk
1:06:57]} 17. axb5 {[%clk 1:03:43]} axb5 {[%clk 1:07:20]} 18. Kf2 {[%clk
1:03:22]} b4 {[%clk 1:04:44]} 19. Nd1 {[%clk 1:01:48]} Nh7 {[%clk 0:38:42]} 20.
Bf4 {[%clk 0:44:05]} Qh4 {[%clk 0:35:25]} 21. Ne3 {[%clk 0:28:28]} f5 {[%clk
0:29:48]} 22. exf5 {[%clk 0:24:57]} gxf5 {[%clk 0:29:57]} 23. Nxf5 {[%clk
0:20:01]} Bxf5 {[%clk 0:30:19]} 24. gxf5 {[%clk 0:20:13]} Rxf5 {[%clk 0:29:37]}
25. Bxe5 {[%clk 0:19:09]} Bxe5 {[%clk 0:29:27]} 26. Kf1 {[%clk 0:10:39]} Rg5
{[%clk 0:25:22]} 27. Ne4 {[%clk 0:07:26]} Rg2 {[%clk 0:22:18]} 28. Rg1 {[%clk
0:05:13]} Qxe4 {[%clk 0:21:27]} 29. fxe4 {[%clk 0:04:32]} Rf8+ {[%clk 0:21:51]}
30. Bf3 {[%clk 0:03:51]} Rxf3+ {[%clk 0:22:12]} 31. Ke1 {[%clk 0:04:12]} Rxg1+
{[%clk 0:22:37]} 32. Ke2 {[%clk 0:04:21]} Rg2+ {[%clk 0:23:01]} 33. Kxf3 {[%clk
0:04:34]} Rxd2 {[%clk 0:23:25]} 0-1

[Event "Poznan Chess Festival"]
[Site "chess24.com"]
[Date "2021.08.15"]
[Round "1"]
[White "Jaskolka, Tomasz"]
[Black "Tadych, Szymon"]
[Result "1-0"]
[Board "6"]
[WhiteElo "2220"]
[WhiteTitle "CM"]
[WhiteCountry "POL"]
[WhiteFideId "1170791"]
[WhiteEloChange "2"]
[BlackElo "1396"]
[BlackCountry "POL"]
[BlackFideId "21820406"]
[BlackEloChange "-2"]

1. d4 {[%clk 1:30:54]} d5 {[%clk 1:30:53]} 2. Nf3 {[%clk 1:31:07]} Nf6 {[%clk
1:31:03]} 3. e3 {[%clk 1:30:09]} e6 {[%clk 1:29:40]} 4. Bd3 {[%clk 1:30:19]} c5
{[%clk 1:28:19]} 5. b3 {[%clk 1:29:55]} Nc6 {[%clk 1:27:36]} 6. Bb2 {[%clk
1:30:05]} b6 {[%clk 1:22:25]} 7. O-O {[%clk 1:29:36]} Bd6 {[%clk 1:20:53]} 8. Ne5
{[%clk 1:28:40]} Bd7 {[%clk 1:20:19]} 9. a3 {[%clk 1:26:44]} O-O {[%clk 1:14:26]}
10. Nd2 {[%clk 1:24:58]} Ne8 {[%clk 1:11:59]} 11. f4 {[%clk 1:20:12]} f5 {[%clk
1:10:14]} 12. g4 {[%clk 1:16:59]} Bxe5 {[%clk 1:06:02]} 13. dxe5 {[%clk 1:15:31]}
Qh4 {[%clk 1:02:52]} 14. gxf5 {[%clk 1:14:37]} exf5 {[%clk 1:01:12]} 15. Nf3
{[%clk 1:13:18]} Qh6 {[%clk 0:57:18]} 16. Ng5 {[%clk 0:56:17]} Nc7 {[%clk
0:54:33]} 17. Qf3 {[%clk 0:49:40]} Be8 {[%clk 0:48:33]} 18. c4 {[%clk 0:45:38]}
d4 {[%clk 0:46:03]} 19. exd4 {[%clk 0:38:52]} cxd4 {[%clk 0:45:46]} 20. Qg2
{[%clk 0:35:48]} Ne6 {[%clk 0:43:40]} 21. Qd5 {[%clk 0:31:50]} Bf7 {[%clk
0:38:34]} 22. Qxc6 {[%clk 0:28:57]} Rac8 {[%clk 0:38:30]} 23. Nxf7 {[%clk
0:27:42]} Qg6+ {[%clk 0:38:05]} 24. Qg2 {[%clk 0:28:06]} 1-0

[Event "Poznan Chess Festival"]
[Site "chess24.com"]
[Date "2021.08.15"]
[Round "1"]
[White "Anand M P"]
[Black "Schmidt, Wlodzimierz"]
[Result "1/2-1/2"]
[Board "7"]
[WhiteElo "1392"]
[WhiteCountry "IND"]
[WhiteFideId "45087644"]
[WhiteEloChange "8"]
[BlackElo "2219"]
[BlackTitle "GM"]
[BlackCountry "POL"]
[BlackFideId "1100041"]
[BlackEloChange "-8"]

1. e4 {[%clk 1:30:59]} c5 {[%clk 1:30:40]} 2. Nf3 {[%clk 1:31:17]} e6 {[%clk
1:30:56]} 3. c3 {[%clk 1:30:10]} Nc6 {[%clk 1:30:14]} 4. d4 {[%clk 1:29:29]} d5
{[%clk 1:30:18]} 5. e5 {[%clk 1:25:00]} Qb6 {[%clk 1:30:28]} 6. a3 {[%clk
1:23:31]} c4 {[%clk 1:29:41]} 7. Nbd2 {[%clk 1:21:16]} Na5 {[%clk 1:29:57]} 8. g3
{[%clk 1:21:30]} Bd7 {[%clk 1:29:23]} 9. Bg2 {[%clk 1:21:40]} Ne7 {[%clk
1:25:40]} 10. O-O {[%clk 1:20:52]} Qc7 {[%clk 1:22:31]} 11. Ne1 {[%clk 1:13:41]}
Nc8 {[%clk 1:21:00]} 12. f4 {[%clk 1:13:35]} Nb6 {[%clk 1:19:03]} 13. Qg4 {[%clk
1:11:19]} O-O-O {[%clk 1:17:20]} 14. Nc2 {[%clk 1:09:39]} h5 {[%clk 1:11:26]} 15.
Qe2 {[%clk 1:06:50]} g6 {[%clk 1:09:59]} 16. Ne3 {[%clk 1:07:17]} Kb8 {[%clk
1:09:09]} 17. Rb1 {[%clk 1:00:43]} Be7 {[%clk 0:57:53]} 18. Ra1 {[%clk 1:00:43]}
1/2-1/2

[Event "Poznan Chess Festival"]
[Site "chess24.com"]
[Date "2021.08.15"]
[Round "1"]
[White "Raczynski, Krzysztof"]
[Black "Pietras, Igor"]
[Result "1-0"]
[Board "8"]
[WhiteElo "2212"]
[WhiteCountry "POL"]
[WhiteFideId "1172549"]
[WhiteEloChange "2"]
[BlackElo "1391"]
[BlackCountry "POL"]
[BlackFideId "21867186"]
[BlackEloChange "-2"]

1. c4 {[%clk 1:30:57]} e5 {[%clk 1:30:46]} 2. Nc3 {[%clk 1:31:21]} Nf6 {[%clk
1:30:30]} 3. g3 {[%clk 1:31:46]} c6 {[%clk 1:27:20]} 4. Bg2 {[%clk 1:30:41]} d5
{[%clk 1:25:54]} 5. cxd5 {[%clk 1:23:36]} cxd5 {[%clk 1:24:01]} 6. Qb3 {[%clk
1:22:43]} d4 {[%clk 1:04:36]} 7. Nd5 {[%clk 1:13:31]} Nc6 {[%clk 0:59:33]} 8. d3
{[%clk 1:11:35]} Be7 {[%clk 0:55:01]} 9. Nxf6+ {[%clk 1:06:53]} Bxf6 {[%clk
0:54:53]} 10. Nf3 {[%clk 1:07:09]} O-O {[%clk 0:54:30]} 11. O-O {[%clk 1:06:44]}
Qc7 {[%clk 0:52:39]} 12. Bd2 {[%clk 1:04:27]} Be6 {[%clk 0:52:16]} 13. Qc2 {[%clk
1:00:41]} Rfc8 {[%clk 0:51:16]} 14. b4 {[%clk 0:59:00]} Qb6 {[%clk 0:47:53]} 15.
Qb2 {[%clk 0:56:47]} Ne7 {[%clk 0:45:55]} 16. b5 {[%clk 0:46:17]} Rc5 {[%clk
0:41:46]} 17. a4 {[%clk 0:45:19]} Rac8 {[%clk 0:40:18]} 18. Rfc1 {[%clk 0:43:36]}
Nd5 {[%clk 0:39:37]} 19. Rxc5 {[%clk 0:30:54]} Rxc5 {[%clk 0:36:38]} 20. Ng5
{[%clk 0:25:48]} Bxg5 {[%clk 0:34:28]} 21. Bxg5 {[%clk 0:26:16]} Nc3 {[%clk
0:33:52]} 22. e3 {[%clk 0:20:05]} Nxa4 {[%clk 0:16:11]} 23. Qa3 {[%clk 0:14:24]}
Qxb5 {[%clk 0:11:23]} 24. exd4 {[%clk 0:12:50]} exd4 {[%clk 0:08:53]} 25. h4
{[%clk 0:11:09]} Bd7 {[%clk 0:04:10]} 26. Be7 {[%clk 0:10:28]} Rc3 {[%clk
0:02:02]} 27. Qd6 {[%clk 0:10:33]} Nb6 {[%clk 0:00:37]} 28. Be4 {[%clk 0:09:52]}
Nc8 {[%clk 0:00:31]} 29. Qxd4 {[%clk 0:09:20]} Rc7 {[%clk 0:00:33]} 30. Bd8
{[%clk 0:07:38]} Rc2 {[%clk 0:00:31]} 31. Re1 {[%clk 0:04:53]} Be6 {[%clk
0:00:37]} 32. Bg5 {[%clk 0:04:32]} Qd7 {[%clk 0:00:36]} 33. Qa1 {[%clk 0:03:31]}
b6 {[%clk 0:00:33]} 34. d4 {[%clk 0:02:41]} Rc4 {[%clk 0:00:35]} 35. d5 {[%clk
0:02:35]} Bg4 {[%clk 0:00:37]} 36. Bg2 {[%clk 0:01:13]} f6 {[%clk 0:00:36]} 37.
Bf4 {[%clk 0:01:23]} Ne7 {[%clk 0:00:32]} 38. d6 {[%clk 0:01:00]} Ng6 {[%clk
0:00:35]} 39. Bd5+ {[%clk 0:01:17]} 1-0

[Event "Poznan Chess Festival"]
[Site "chess24.com"]
[Date "2021.08.15"]
[Round "1"]
[White "Nicikowski, Jozef"]
[Black "Poltorak, Sebastian"]
[Result "0-1"]
[Board "9"]
[WhiteElo "1372"]
[WhiteCountry "POL"]
[WhiteFideId "21816468"]
[WhiteEloChange "-2"]
[BlackElo "2205"]
[BlackCountry "POL"]
[BlackFideId "1199498"]
[BlackEloChange "2"]

1. e4 {[%clk 1:30:59]} c5 {[%clk 1:30:42]} 2. Nf3 {[%clk 1:30:51]} Nc6 {[%clk
1:31:06]} 3. d4 {[%clk 1:30:26]} cxd4 {[%clk 1:31:31]} 4. Nxd4 {[%clk 1:30:48]}
Nf6 {[%clk 1:31:53]} 5. Nc3 {[%clk 1:30:54]} e5 {[%clk 1:32:11]} 6. Ndb5 {[%clk
1:30:57]} d6 {[%clk 1:32:35]} 7. Bg5 {[%clk 1:30:57]} a6 {[%clk 1:32:55]} 8. Bxf6
{[%clk 1:31:09]} gxf6 {[%clk 1:33:15]} 9. Na3 {[%clk 1:31:29]} b5 {[%clk
1:32:53]} 10. Nd5 {[%clk 1:31:35]} f5 {[%clk 1:33:14]} 11. exf5 {[%clk 1:20:07]}
Bxf5 {[%clk 1:33:25]} 12. c3 {[%clk 1:19:12]} Bg7 {[%clk 1:32:57]} 13. Be2 {[%clk
1:18:49]} O-O {[%clk 1:32:35]} 14. Nc2 {[%clk 1:18:25]} Be6 {[%clk 1:28:45]} 15.
Nce3 {[%clk 1:16:09]} f5 {[%clk 1:28:49]} 16. f4 {[%clk 1:07:59]} Qb8 {[%clk
1:26:07]} 17. O-O {[%clk 1:07:07]} Qa7 {[%clk 1:26:11]} 18. Kh1 {[%clk 1:03:45]}
Kh8 {[%clk 1:25:11]} 19. a4 {[%clk 0:59:01]} b4 {[%clk 1:19:42]} 20. Nc4 {[%clk
0:33:50]} bxc3 {[%clk 1:16:01]} 21. bxc3 {[%clk 0:31:47]} Rad8 {[%clk 1:14:42]}
22. Rb1 {[%clk 0:31:45]} Ne7 {[%clk 1:12:16]} 23. Nxe7 {[%clk 0:29:50]} Qxe7
{[%clk 1:12:39]} 24. Rb6 {[%clk 0:29:30]} Qc7 {[%clk 1:11:48]} 25. Qb3 {[%clk
0:24:33]} Rc8 {[%clk 1:11:06]} 26. Rb7 {[%clk 0:24:09]} Bxc4 {[%clk 1:11:21]} 27.
Rxc7 {[%clk 0:16:54]} Bxb3 {[%clk 1:10:59]} 0-1

[Event "Poznan Chess Festival"]
[Site "chess24.com"]
[Date "2021.08.15"]
[Round "1"]
[White "Maj, Pawel"]
[Black "Matloka, Mateusz"]
[Result "1-0"]
[Board "10"]
[WhiteElo "2113"]
[WhiteCountry "POL"]
[WhiteFideId "21818290"]
[WhiteEloChange "2"]
[BlackElo "1368"]
[BlackCountry "POL"]
[BlackFideId "21086346"]
[BlackEloChange "-2"]

1. c4 {[%clk 1:30:55]} e5 {[%clk 1:30:34]} 2. g3 {[%clk 1:31:18]} Nf6 {[%clk
1:30:48]} 3. Bg2 {[%clk 1:31:42]} d5 {[%clk 1:30:40]} 4. cxd5 {[%clk 1:32:06]}
Nxd5 {[%clk 1:31:03]} 5. Nc3 {[%clk 1:32:22]} Be6 {[%clk 1:31:08]} 6. Nf3 {[%clk
1:32:24]} Nc6 {[%clk 1:29:39]} 7. O-O {[%clk 1:29:22]} Bc5 {[%clk 1:27:39]} 8.
Nxe5 {[%clk 1:24:28]} Nxe5 {[%clk 1:25:43]} 9. d4 {[%clk 1:24:38]} Bxd4 {[%clk
1:21:10]} 10. Qxd4 {[%clk 1:24:58]} Ng6 {[%clk 1:07:04]} 11. Qxg7 {[%clk
1:14:38]} c6 {[%clk 0:51:54]} 12. Ne4 {[%clk 1:07:31]} Qd7 {[%clk 0:29:10]} 13.
Bg5 {[%clk 1:04:53]} f5 {[%clk 0:27:10]} 14. Qxd7+ {[%clk 1:03:51]} Bxd7 {[%clk
0:25:11]} 15. Nd6+ {[%clk 1:03:51]} Kf8 {[%clk 0:24:12]} 16. Nxb7 {[%clk
1:03:29]} Be6 {[%clk 0:21:32]} 17. Nc5 {[%clk 1:03:28]} Kf7 {[%clk 0:21:25]} 18.
Nxe6 {[%clk 1:03:37]} Kxe6 {[%clk 0:21:30]} 19. e4 {[%clk 1:03:09]} fxe4 {[%clk
0:20:26]} 20. Bxe4 {[%clk 1:03:28]} Rab8 {[%clk 0:19:46]} 21. Rfe1 {[%clk
1:02:50]} Kd6 {[%clk 0:18:54]} 22. b3 {[%clk 1:00:28]} Rb7 {[%clk 0:11:50]} 23.
Rad1 {[%clk 0:56:36]} Rf8 {[%clk 0:09:13]} 24. Bc1 {[%clk 0:54:41]} 1-0

[Event "Poznan Chess Festival"]
[Site "chess24.com"]
[Date "2021.08.15"]
[Round "1"]
[White "Skrzypczak, Jakub"]
[Black "Piotrowski, Pawel"]
[Result "0-1"]
[Board "11"]
[WhiteElo "1350"]
[WhiteCountry "POL"]
[WhiteFideId "1148079"]
[WhiteEloChange "-2"]
[BlackElo "2067"]
[BlackCountry "POL"]
[BlackFideId "1184415"]
[BlackEloChange "2"]

1. e4 {[%clk 1:30:58]} c5 {[%clk 1:30:49]} 2. Nc3 {[%clk 1:31:16]} e6 {[%clk
1:30:33]} 3. f4 {[%clk 1:31:24]} d5 {[%clk 1:25:12]} 4. d3 {[%clk 1:30:04]} dxe4
{[%clk 1:22:19]} 5. Nxe4 {[%clk 1:28:03]} Nf6 {[%clk 1:20:58]} 6. Be3 {[%clk
1:26:36]} Nd5 {[%clk 1:19:25]} 7. Bd2 {[%clk 1:22:58]} Nc6 {[%clk 1:19:37]} 8.
Nf3 {[%clk 1:22:43]} b6 {[%clk 1:19:48]} 9. g3 {[%clk 1:21:46]} Bb7 {[%clk
1:20:10]} 10. Bg2 {[%clk 1:22:00]} g6 {[%clk 1:18:29]} 11. c4 {[%clk 1:20:13]}
Ndb4 {[%clk 1:13:28]} 12. Bc3 {[%clk 1:20:16]} Nd4 {[%clk 1:11:43]} 13. Nxd4
{[%clk 1:15:58]} cxd4 {[%clk 1:11:51]} 14. Bxb4 {[%clk 1:16:19]} Bxb4+ {[%clk
1:12:16]} 15. Qd2 {[%clk 1:16:50]} Bxd2+ {[%clk 1:14:36]} 16. Kxd2 {[%clk
1:16:50]} 0-1